Pikmin 1 Enemies. - Statistics

General Stats
  • This quiz has been taken 11 times
  • The average score is 12 of 26
Answer Stats
Areas Enemy % Correct
Forest of Hope Bulborb
100%
Forest of Hope Dwarf bulborb
67%
Final Trial Emperor Bulblax
67%
Forest of Hope Female sheargrub
67%
Forest Navel Fiery Blowhog
67%
Forest of Hope / Forest Navel Male sheargrub
67%
Forest of Hope / Distant Spring Armored cannon beetle
56%
Impact Site Mamuta
56%
Forest Navel / Distant Spring Shearwig
56%
Distant Spring Spotty Bulbear
56%
Forest Navel Wollyhop
56%
Forest Navel Beady long legs
44%
Impact Site Goolix
44%
Distant Spring Swooping Snitchbug
44%
Distant Spring Yellow wollyhop
44%
Forest Navel Breadbug
33%
Distant Spring Dwarf Bulbear
33%
Forest Navel Puffstool
33%
Distant Spring Puffy Blowhog
33%
Distant Spring Smokey Progg
33%
Forest of Hope Burrowing snagret
22%
Impact Site Pearly clamclamp
22%
Distant Spring Water Dumple
22%
Forest of Hope / Distant spring Wogpole
22%
Forest of Hope / Forest Navel / Distant Spring Honeywisp
11%
Impact Site / Forest of Hope / Forest Navel / Distant spring Iridescent flint beetle
0%
No matching quizzes found
Score Distribution
Percent of People with Each Score
Percentile by Number Answered
Your Score History
You have not taken this quiz